| 000 | 00969nam a22002897a 4500 | ||
|---|---|---|---|
| 003 | CHAP | ||
| 005 | 20230613062622.0 | ||
| 008 | 971013s1994 ca r 00010 eng d | ||
| 010 | _a42102 | ||
| 011 | _a43074 | ||
| 035 | _a47210 | ||
| 040 | _cCHAP | ||
| 082 | 0 | 4 |
_a338.9 _bM66 |
| 100 | 0 | 0 |
_aMoore, Fauzya. _978063 |
| 245 | 1 |
_aBeyond development cooperation _b: toward a new era of global and human security : report on a conference... |
|
| 260 |
_aOttawa : _bCentro Internacional de Investigaciones para el Desarrollo, _c1994 |
||
| 300 | _a64 p. | ||
| 590 |
_aBATCH-UPD _b10 _c20130110 _lUCH01 _h1026 |
||
| 590 |
_aBATCH-UPD _b10 _c20130410 _lUCH01 _h0630 |
||
| 590 |
_aBATCH-UPD _b10 _c20130914 _lUCH01 _h1044 |
||
| 590 |
_aCONVERSION _b10 _c20130109 _lUCH01 _h1323 |
||
| 650 | 1 | 7 |
_aCooperación internacional _2 _927771 |
| 650 | 1 | 4 | _aDesarrollo económico. |
| 901 | _aBK | ||
| 942 | _cLIBRO | ||
| 949 |
_a338.9 M66 _bBC _cLIBRO _d33724000000550 _eLIBRO _h88899 _i47210 _mD _si |
||
| 999 |
_c42102 _d42102 |
||